Hruboskalsko turistická mapa 1:8 000 /

Korporativní autor: Geodézie ČS (firma). Kartografické nakladatelství
Jazyk: Čeština
Vydáno: Praha : Geodézie ČS, 2004
Vydání: 2. vyd.
Edice: Geobáze
Témata:
Fyzický popis: 1 mapa : barev. ; 29 x 41 cm složená na 21 x 10 c m
Mapy
Uloženo v:
LEADER 01432nem a2200397 a 4500
001 000775626
003 CZ BrMZK
005 20080416133712.0
007 aj^canzn
008 050523s2004 xr |||||||a r0||||cze d
020 |a 80-7279-422-1  |q (složeno) 
034 1 |a a  |b 8000 
040 |a BOA001  |b cze 
043 |a e-xr---  |b e-xr-cc  |2 czenas 
072 7 |a 913(4)  |x Geografie Evropy, reálie, cestování  |2 Konspekt  |9 7 
080 |a 796.51  |2 MRF 
080 |a 913(437.31-17)  |2 MRF 
080 |a 912.43:796.5  |2 MRF 
080 |a (084.3)  |2 MRF 
110 2 |a Geodézie ČS (firma).  |b Kartografické nakladatelství  |7 kn20010724251 
245 1 0 |a Hruboskalsko  |b turistická mapa 1:8 000 /  |c zpracovala a vydala Geodézie ČS Praha  |h [kartografický dokument] : 
250 |a 2. vyd. 
255 |a Měřítko 1:8 000 
260 |a Praha :  |b Geodézie ČS,  |c 2004 
300 |a 1 mapa :  |b barev. ;  |c 29 x 41 cm složená na 21 x 10 c m 
490 1 |a Geobáze 
500 |a Na rubu stručný vlastivědný text 
500 |a Doplňková mapa CHKO Český ráj (1:50 000) 
650 0 7 |a pěší turistika  |7 ph124864  |z Česko  |2 czenas 
655 7 |a turistické mapy  |7 fd133737  |2 czenas 
651 7 |a Hruboskalsko (Česko)  |7 ge153147  |2 czenas 
830 0 |a Geobáze 
910 |a BOA001  |b Mp2-1152.816 
990 |a MP 
991 |b 200508  |c NOV 
996 6 |b 2610253116  |c Mp2-1152.816  |l MZK  |r Sklad / do 1 hodiny  |n 1  |p p.v.  |w 000775626  |u 000010  |a 1  |e BOA001  |j MZK50  |s P